000 00816nam2a2200229 4500
001 rc\2820161
005 20260315044352.0
035 _a(NLR Aleph) 006978614
090 _a13568563
_c13568563
100 _a20110621d1930 u y0rusy50 ca
101 0 _arus
102 _aRU
105 _ay z |||||
200 1 _aУгарно-вигоневое прядение
210 _d[1930]
461 0 _1001rc\2820157
_12001#$aБиблиотека техника$eТ. Сер. 14$e№№ X-1-7$vВып. 6
_95509061
_cМосква
_d1928-1931
_nГос. техн. изд-во
_oТ. Сер. 14 : №№ X-1-7
_p5 т.
_tБиблиотека техника
_vВып. 6
700 1 _aСвятославов
_bН.И.
801 0 _aRU
_bNLR
_gpsbo
801 1 _aRU
_bELAR
_2rusmarc
852 _aNLR
_j55/477(1-5)
942 _cUNSPEC
980 _aNB